000 00335 a2200157 4500
001 56500
020 _a8516012018
040 _cAnchieta - Pituba
100 _aCosta, Wagner
240 1 0 _aEu, pescador de mim
_lpor
245 1 0 _aEu, pescador de mim
300 _a88
362 0 _a1995
650 4 _aLiteratura juvenil
942 _cBK
999 _c56500
_d56500